Albums of 2000 - Statistics

General Stats
  • This quiz has been taken 20 times
  • The average score is 7 of 16
Answer Stats
Hint Answer % Correct
The Marshall Mathers LP Eminem
100%
Parachutes Coldplay
83%
Kid A Radiohead
83%
Stankonia Outkast
67%
Hybrid Theory Linkin Park
56%
White Pony Deftones
44%
No Strings Attached NSYNC
44%
Lift Your Skinny Fists Like Antennas to Heaven Godspeed You! Black Emperor
39%
All That You Can't Leave Behind U2
39%
The Moon & Antarctica Modest Mouse
33%
Supernatural Santana
33%
De Stijl The White Stripes
33%
Since I Left You The Avalanches
28%
Voodoo D'Angelo
22%
Relationship of Command At the Drive-In
17%
Rated R Queens of the Stone Age
17%
No matching quizzes found
Score Distribution
Percent of People with Each Score
Percentile by Number Answered
Your Score History
You have not taken this quiz